000 00772nam a2200181Ia 4500
008 151202s9999||||xx |||||||||||||| ||und||
082 _bPNVM-34381
100 _aदेव शं. श्री.
245 _aसमर्थ चरित्र प्रथम खंड-समर्थावतार.
260 _bकेशव भिकाजी ढवळे प्रकाशन मुंबई.
260 _c1981
300 _a532
600 _aदेव शं. श्री.
630 _aसमर्थ चरित्र प्रथम खंड-समर्थावतार.
700 _aदेव शं. श्री.
730 _aसमर्थ चरित्र प्रथम खंड-समर्थावतार.
942 _cBOOK
999 _c1300339
_d1300336